Normal view
MARC view
- اعداد احمد، سامر خير ؛ ساعد في تنفيذ الدراسة امينة دغمش؛ الاخراج الفني هاشم نصار الحطاب
Entry Personal Name
001 - CONTROL NUMBER
- control field: 50551
003 - CONTROL NUMBER IDENTIFIER
- control field: JO-AjAnu
005 - DATE AND TIME OF LATEST TRANSACTION
- control field: 20230606082325.0
008 - FIXED-LENGTH DATA ELEMENTS
- fixed length control field: 230606|| aca||aabn | a|a d
040 ## - CATALOGING SOURCE
- Original cataloging agency: JO-AjAnu
- Transcribing agency: JO-AjAnu
100 ## - HEADING--PERSONAL NAME
- Personal name: اعداد احمد، سامر خير ؛ ساعد في تنفيذ الدراسة امينة دغمش؛ الاخراج الفني هاشم نصار الحطاب
670 ## - SOURCE DATA FOUND
- Source citation: Work cat.: (JO-AjAnu)25843: اعداد احمد، سامر خير ؛ ساعد في تنفيذ الدراسة امينة دغمش؛ الاخراج الفني هاشم نصار الحطاب, author, الواقع الثقافي في مجتمع مدينة عمان: دراسة ميدانية للعام 2011 مع مقارنة لنتائج العام 2010